| 000 | 01129nam a22003497a 4500 | ||
|---|---|---|---|
| 001 | 499614 | ||
| 003 | OSt | ||
| 005 | 20210423062344.0 | ||
| 008 | 850619t19851973nyu b 001 0 eng | ||
| 010 | _a 85045418 | ||
| 020 | _a0060155477 | ||
| 040 |
_aDLC _cDLC _dDLC _beng |
||
| 041 | _aeng | ||
| 050 | 0 | 0 |
_aHG4521 _b.G665 1985 |
| 080 |
_a65 _bG-71 |
||
| 082 | 0 | 0 |
_a332.6/78 _219 |
| 100 | 1 |
_aGraham, Benjamin, _d1894-1976. |
|
| 245 | 1 | 4 |
_aThe intelligent investor : _ba book of practical counsel / _c/ by: Harper Business |
| 250 |
_a4th revised edition with a new pref. and appendix / _bby Warren E. Buffett. |
||
| 260 |
_aNew York, N.Y. : _bHarper Business _c[1985], c1973. |
||
| 300 |
_axviii, 340 p. ill. _c22 cm. |
||
| 365 | _b18.75 usd | ||
| 504 | _aIncludes bibliographical references and index. | ||
| 650 | 0 | _aSecurities. | |
| 650 | 0 |
_aBusiness _9323 |
|
| 650 | 0 | _aInvestments. | |
| 653 | _aბიზნესი | ||
| 856 | 4 | 2 |
_3Publisher description _uhttp://www.loc.gov/catdir/description/hc042/85045418.html |
| 906 |
_a7 _bcbc _corignew _d2 _eocip _f19 _gy-gencatlg |
||
| 942 |
_2udc _cBK _e4 |
||
| 999 |
_c1571 _d1571 |
||